000 01706nam a2200229Ia 4500
003 Ost
005 20260507075621.0
008 260507s9999||||xx |||||||||||||| ||und||
020 _a9789931781296
040 _cfsecg
041 _aara
082 _a657.95
100 _aخمقاني، بدر الزمان
_eمؤلف
245 0 _aمحاسبة الشركات المعمقة :
_bدروس وتمارين محلولة /
_c بدر الزمان خمقاني
260 _aالجزائر:
_bالنشر الجامعي الجديد,
_c2021
300 _a260 صفحة؛
_bإيضاحات ؛
_c24 سم
504 _aالمراجع ص.259
520 _aيوجه هذا الكتاب إلى طلبة العلوم المالية والمحاسبية بشكل عام وطلبة الماستر ومسابقات الدكتوراه بشكل خاص، وهو يتناول العديد من المواضيع المهمة في مقياس محاسبة الشركات المعمقة على غرار المعالجة المحاسبية لفارق الإدماج الأول ومكوناته (فارق الانتقاء) وفارق التقييم) بلغة قانونية ومحاسبية وفق النظام المحاسبي المالي والمعيار الدولي لإعداد التقارير المالية رقم 03 IFRS ، بالاضافة إلى نسب الرقابة والفائدة في المجمع، وموضوع القوائم المالية الموحدة وفق النظام المحاسبي المالي والمعيار الدولي لإعداد التقارير المالية رقم 1OIFRS.
653 _aالمحاسبة المعمقة
653 _aمحاسبة الشركات
942 _cكتاب
999 _c45144
_d45144